<?xml version="1.0" encoding="UTF-8"?>
<record
    xmlns:xsi="http://www.w3.org/2001/XMLSchema-instance"
    xsi:schemaLocation="http://www.loc.gov/MARC21/slim http://www.loc.gov/standards/marcxml/schema/MARC21slim.xsd"
    xmlns="http://www.loc.gov/MARC21/slim">

  <leader>01350nam a2200277 a 4500</leader>
  <controlfield tag="001"> 79999</controlfield>
  <controlfield tag="003">BD-RjUL</controlfield>
  <controlfield tag="005">20220620160330.0</controlfield>
  <controlfield tag="008">140410s1974    tu            000 0 ara d</controlfield>
  <datafield tag="035" ind1=" " ind2=" ">
    <subfield code="a">(BD-RjUL) 79999</subfield>
  </datafield>
  <datafield tag="040" ind1=" " ind2=" ">
    <subfield code="a">NNL</subfield>
    <subfield code="b">ara</subfield>
    <subfield code="c">BD-RjUL</subfield>
  </datafield>
  <datafield tag="041" ind1="0" ind2=" ">
    <subfield code="a">ara</subfield>
  </datafield>
  <datafield tag="082" ind1=" " ind2=" ">
    <subfield code="2">23</subfield>
    <subfield code="a">297.2115</subfield>
    <subfield code="b">SAA 1974</subfield>
  </datafield>
  <datafield tag="245" ind1="0" ind2="0">
    <subfield code="a">&#x627;&#x62B;&#x628;&#x627;&#x62A; &#x627;&#x644;&#x646;&#x628;&#x648;&#x629; *** [Ithb&#x101;t al-nub&#x16B;wah] /</subfield>
    <subfield code="c">&#x627;&#x62D;&#x645;&#x62F; &#x641;&#x627;&#x631;&#x648;&#x642;&#x64A; &#x633;&#x631;&#x647;&#x646;&#x62F;&#x64A;&#x60C; &#x648;&#x64A;&#x644;&#x64A;&#x647; &#x647;&#x62F;&#x64A;&#x629; &#x627;&#x644;&#x645;&#x647;&#x62A;&#x62F;&#x64A;&#x646; &#x631;&#x633;&#x627;&#x644;&#x629; &#x645;&#x62A;&#x639;&#x644;&#x642;&#x629; &#x628;&#x627;&#x644;&#x641;&#x627;&#x638; &#x627;&#x644;&#x643;&#x641;&#x631;&#x60C; &#x62A;&#x623;&#x644;&#x64A;&#x641; &#x627;&#x62E;&#x649; &#x64A;&#x648;&#x633;&#x641; &#x628;&#x646; &#x62C;&#x646;&#x64A;&#x62F; &#x627;&#x644;&#x62A;&#x648;&#x642;&#x627;&#x62F;&#x649;&#x60C; &#x627;&#x644;&#x645;&#x62A;&#x648;&#x641;&#x649; &#x633;&#x646;&#x629; 905.. ;;;A&#x1E25;mad F&#x101;r&#x16B;q&#x12B; Sirhind&#x12B; ;   ta&#x2BC;l&#x12B;f Akhi Y&#x16B;suf ibn Junayd al-T&#x16B;q&#x101;d&#x12B;.</subfield>
  </datafield>
  <datafield tag="260" ind1=" " ind2=" ">
    <subfield code="a">&#x627;&#x633;&#x62A;&#x627;&#x646;&#x628;&#x648;&#x644; :</subfield>
    <subfield code="b">&#x627;&#x644;&#x645;&#x643;&#x62A;&#x628;&#x629; &#x627;&#x64A;&#x634;&#x64A;&#x642;&#x60C;</subfield>
    <subfield code="c">[1974].</subfield>
  </datafield>
  <datafield tag="300" ind1=" " ind2=" ">
    <subfield code="a">137&#x635;.</subfield>
    <subfield code="c">16 cm</subfield>
  </datafield>
  <datafield tag="500" ind1=" " ind2=" ">
    <subfield code="a">&#x62A;&#x633;&#x62C;&#x64A;&#x644; &#x641;&#x647;&#x631;&#x633;&#x64A; &#x645;&#x62E;&#x62A;&#x635;&#x631; &#x644;&#x623;&#x62C;&#x644; &#x645;&#x634;&#x631;&#x648;&#x639; &#x627;&#x644;&#x641;&#x647;&#x631;&#x633;&#x629; &#x627;&#x644;&#x639;&#x631;&#x628;&#x64A;&#x629; &#x641;&#x64A; &#x627;&#x644;&#x645;&#x643;&#x62A;&#x628;&#x629; &#x627;&#x644;&#x648;&#x637;&#x646;&#x64A;&#x629; &#x627;&#x644;&#x625;&#x633;&#x631;&#x627;&#x626;&#x64A;&#x644;&#x64A;&#x629;</subfield>
  </datafield>
  <datafield tag="500" ind1=" " ind2=" ">
    <subfield code="a">Brief cataloging record created for the Arabic Cataloging Project of the National Library of Israel.</subfield>
  </datafield>
  <datafield tag="600" ind1=" " ind2=" ">
    <subfield code="a">Mu&#x1E25;ammad, Prophet, </subfield>
    <subfield code="d">632</subfield>
  </datafield>
  <datafield tag="650" ind1=" " ind2=" ">
    <subfield code="a">Messiah</subfield>
    <subfield code="v">Prophecies</subfield>
    <subfield code="9">3741</subfield>
  </datafield>
  <datafield tag="650" ind1=" " ind2=" ">
    <subfield code="a">Messiah</subfield>
    <subfield code="v">Prophecies</subfield>
    <subfield code="9">3741</subfield>
  </datafield>
  <datafield tag="650" ind1=" " ind2=" ">
    <subfield code="a">Islam</subfield>
    <subfield code="v">Doctrines</subfield>
    <subfield code="9">739</subfield>
  </datafield>
  <datafield tag="700" ind1="0" ind2=" ">
    <subfield code="a">&#x623;&#x62D;&#x645;&#x62F; &#x633;&#x631;&#x647;&#x646;&#x62F;&#x64A;&#x60C;</subfield>
    <subfield code="d">1563-1624</subfield>
    <subfield code="9">3742</subfield>
  </datafield>
  <datafield tag="700" ind1="1" ind2=" ">
    <subfield code="a">&#x627;&#x644;&#x62A;&#x648;&#x642;&#x627;&#x62F;&#x64A;&#x60C; &#x64A;&#x648;&#x633;&#x641; &#x628;&#x646; &#x62C;&#x646;&#x64A;&#x62F;</subfield>
    <subfield code="9">3743</subfield>
  </datafield>
  <datafield tag="942" ind1=" " ind2=" ">
    <subfield code="2">ddc</subfield>
    <subfield code="c">BK</subfield>
  </datafield>
  <datafield tag="999" ind1=" " ind2=" ">
    <subfield code="c">79999</subfield>
    <subfield code="d">79999</subfield>
  </datafield>
  <datafield tag="952" ind1=" " ind2=" ">
    <subfield code="0">0</subfield>
    <subfield code="1">0</subfield>
    <subfield code="2">ddc</subfield>
    <subfield code="4">0</subfield>
    <subfield code="7">0</subfield>
    <subfield code="8">NFIC</subfield>
    <subfield code="a">RUCL</subfield>
    <subfield code="b">RUCL</subfield>
    <subfield code="c">GEN</subfield>
    <subfield code="d">1997-01-08</subfield>
    <subfield code="e">Isik bookstore </subfield>
    <subfield code="o">A 297.2115 SAA 1974</subfield>
    <subfield code="r">2022-06-20 00:00:00</subfield>
    <subfield code="t">C-2</subfield>
    <subfield code="y">BK</subfield>
  </datafield>
</record>
